000 00309nam a2200097Ia 4500
005 20251222114403.0
008 251222s1900||||xx |||||||||||||| ||spa||
082 _aDVD0150/G27/2011
245 0 _aLourdes. A story of faith, science and miracles:Lourdes: una historia de la fe, la ciencia y de milagros
942 _cDVD
999 _c1738
_d1738